000
00315nam a22001337a 4500
008
170808b xxu||||| |||| 00| 0 eng d
020
_a
0619160330
041
_a
eng
080
_a
004
100
_a
35
101
_a
SHK
245
_a
DATABASE SYSTEMS: DESIGN, IMPLEMENTATION, & MANAGMENT
_c
ROB,P
942
_2
udc
_c
BK
999
_c
22925
_d
22925